[Event "Saint Quentin op 5th"]
[Site "Saint Quentin"]
[Date "2002.??.??"]
[Round "2"]
[White "Duval, Annie"]
[Black "Cosma, Elena Luminita"]
[Result "0-1"]
[WhiteElo "1530"]
[BlackElo "2359"]
[PlyCount "72"]
[EventDate "2002.04.21"]
[EventType "swiss"]
[EventRounds "9"]
[EventCountry "FRA"]
[SourceTitle "CBM 088 Extra"]
[Source "ChessBase"]
[SourceDate "2002.07.01"]
[SourceVersion "2"]
[SourceVersionDate "2002.07.01"]
[SourceQuality "1"]

1. d4 d5 2. Nf3 Nf6 3. e3 Bg4 4. c4 e6 5. Nbd2 Nbd7 6. Be2 c5 7. 0-0 Be7 8. b3 0-0 9. Bb2 Rc8 10. Ne5 Bxe2 11. Qxe2 a6 12. Rfc1 cxd4 13. exd4 dxc4 14. Ndxc4 Nd5 15. Nxd7 Qxd7 16. Ne5 Qd6 17. Rxc8 Rxc8 18. Rc1 Rd8 19. g3 Bf6 20. f4 g6 21. Kf2 Bg7 22. Nc4 Qb8 23. Ne5 Qa7 24. Rc4 Qb6 25. Qe1 a5 26. Kf3 Nb4 27. a3 Nd5 28. Qd1 Ne7 29. Qc2 Qd6 30. Rc7 Qd5+ 31. Kf2 Bxe5 32. fxe5 Qh1 33. Ke3 Nd5+ 34. Kd3 Qf3+ 35. Kd2 Qf2+ 36. Kc1 Qe1+ 0-1